Statistics for Demonyms with -ese

Click here to take the quiz!

General Stats

  • This quiz has been taken 34 times
  • The average score is 13 of 22

Answer Stats

Answer% Correct
Japanese
93%
Chinese
89%
Vietnamese
85%
Congolese
74%
Portuguese
74%
Taiwanese
74%
Sudanese
70%
Lebanese
63%
Maltese
63%
Bhutanese
59%
Gabonese
59%
Nepalese
56%
South Sudanese
56%
Burmese / Myanmarese
52%
Senegalese
52%
Beninese
41%
Guyanese
41%
Surinamese
37%
Togolese
37%
Sammarinese
33%
Marshallese
30%
Timorese
30%

Score Distribution

Percentile by Number Answered

Percent of People with Each Score

Your Score History

You have not taken this quiz